|
|
|
|
| LEADER |
01668nam a2200385 i 4500 |
| 001 |
36952 |
| 003 |
BD-DhAAL |
| 005 |
20211111152109.0 |
| 008 |
200128t2019 inu b 001 0 eng |
| 999 |
|
|
|c 42180
|d 42180
|
| 010 |
|
|
|a 2018014071
|
| 020 |
|
|
|a 9781947604315 (perfect bound)
|
| 040 |
|
|
|a DLC
|b eng
|c DLC
|e rda
|d DLC
|d BD-DhAAL
|
| 042 |
|
|
|a pcc
|
| 043 |
|
|
|a n-us---
|
| 050 |
0 |
0 |
|a LB1025.3
|b .M3424 2019
|
| 082 |
0 |
0 |
|a 371.102
|2 23
|
| 100 |
1 |
|
|a Marzano, Robert J.
|9 39148
|
| 245 |
1 |
4 |
|a The handbook for the New art and science of teaching /
|c Robert J. Marzano.
|
| 260 |
|
|
|a Bloomington, IN :
|b ASCD,Solution Tree Press,
|c 2019
|
| 300 |
|
|
|a ix, 349 pages ;
|c 28 cm.
|
| 500 |
|
|
|a Companion volume to The new art and science of teaching.
|
| 504 |
|
|
|a Includes bibliographical references and index.
|
| 526 |
|
|
|a CSE
|
| 541 |
|
|
|a Development Book Agency
|e 36952, 36953
|
| 650 |
|
0 |
|a Effective teaching
|z United States.
|9 39149
|
| 650 |
|
0 |
|a Classroom management
|z United States.
|9 39150
|
| 650 |
|
0 |
|a Teaching
|x Aids and devices.
|9 39151
|
| 650 |
|
0 |
|a Learning, Psychology of.
|9 39152
|
| 650 |
|
0 |
|a Computer science
|9 42587
|
| 700 |
1 |
|
|a Marzano, Robert J.
|t New art and science of teaching.
|9 39153
|
| 852 |
|
|
|a Ayesha Abed Library
|c General Stacks
|
| 942 |
|
|
|2 ddc
|c BK
|
| 952 |
|
|
|0 0
|1 0
|2 ddc
|4 0
|6 371_102000000000000_MAR
|7 0
|9 67778
|a BRACUL
|b BRACUL
|c GEN
|d 2020-01-23
|e Development Book Agency
|g 3000.00
|l 0
|o 371.102 MAR
|p 3010036952
|r 2020-01-23
|t 1
|v 3000.00
|w 2020-01-23
|y BK
|
| 952 |
|
|
|0 0
|1 0
|2 ddc
|4 0
|6 371_102000000000000_MAR
|7 0
|9 67779
|a BRACUL
|b BRACUL
|c GEN
|d 2020-01-23
|e Development Book Agency
|g 3000.00
|l 0
|o 371.102 MAR
|p 3010036953
|r 2020-01-23
|t 2
|v 3000.00
|w 2020-01-23
|y BK
|